World History for Nerds #2 - Statistics

General Stats
  • This quiz has been taken 56 times
  • The average score is 11 of 15
Answer Stats
Hint Answer % Correct
When was the Berlin wall removed? 1989
94%
Where is the home country of Joan of Arc? France
94%
In which ocean did the Titanic sink? Atlantic
92%
Aztec civilization originated from which country? Mexico
92%
In which city was U.S president John F. Kennedy assassinated? Dallas
91%
What year was Osama Bin Laden klled? 2011
89%
After Lenin, who was officially the leader of the Soviet Union? Joseph Stalin
87%
Who was the first ruler of the Mongol Empire? Genghis Khan
85%
Who was the last Tzar of Russia? Nicholas II
70%
Which is the last dynasty in China? Qing
57%
Who was Presidant after Abraham Lincoln was assassinated? Andrew Johnson
51%
Which is considered the first human technology? Fire
47%
Who is also known as the founder of scientific socialism? Karl Marx
43%
Where in the world is the oldest dynasty still ruling? Japan
34%
Which U.S president had a home called The Hermitage? Andrew Jackson
30%
No matching quizzes found
Score Distribution
Percent of People with Each Score
Percentile by Number Answered
Your Score History
You have not taken this quiz